Camino a la Universidad / Maximiliano Fernández Medina ; Zárate Murillo ; Oscar Darío (Registro nro. 48438)
[ vista simple ]
| 000 -LÍDER | |
|---|---|
| Campo fijo de descripción fija | 006410000a22002050004500 |
| 001 - NÚMERO DE CONTROL | |
| Campo de control | 1267 |
| 003 - IDENTIFICADOR DEL NÚMERO DE CONTROL | |
| Campo de control | CO-MdFUSB |
| 005 - FECHA Y HORA DE LA ULTIMA TRANSACCIÓN | |
| control field | 20180507141519.0 |
| 008 - ELEMENTOS DE LONGITUD FIJA -- INFORMACIÓN GENERAL | |
| Campo fijo de descripción fija -- Información general | 180507b xxu||||| |||| 00| 0 eng d |
| 020 ## - NÚMERO INTERNACIONAL NORMALIZADO PARA LIBROS | |
| Número Internacional Normalizado del libro | 958-8110-52-1 |
| 040 ## - FUENTE DE CATALOGACIÓN | |
| Agencia que realiza la transcripción | CO-MdBIC |
| 082 04 - NÚMERO DE CLASIFICACIÓN DECIMAL DEWEY | |
| Número de clasificación | 036 P94c |
| 100 1# - ASIENTO PRINCIPAL--NOMBRE PERSONAL | |
| Nombre personal | Fernández Medina, Maximiliano |
| 245 10 - TÍTULO | |
| Título del Material | Camino a la Universidad / Maximiliano Fernández Medina ; Zárate Murillo ; Oscar Darío |
| 250 ## - MENCIÓN DE EDICIÓN | |
| Mención de edición | 3a ed. |
| 260 ## - PUBLICACIÓN, DISTRIBUCIÓN, ETC. (PIE DE IMPRENTA) | |
| Lugar de publicación, distribución, etc. | Colombia : Prolibros |
| 300 ## - DESCRIPCIÓN FÍSICA | |
| Extensión | 376Pag |
| 505 00 - NOTA DE CONTENIDO | |
| Nota de contenido con formato preestablecido | T.1 Español, Literatura, Biología, Ecología T.2 Matemáticas T.3 Filosofía, H istoria, Geografía, Democracia |
| 942 ## - TIPO DE MATERIAL (KOHA) | |
| Tipo de Item KOHA | Z- Libro General BINCO |
| Estado de Material | Estado de Perdido | Forma de Clasificación | Volumen-Parte/Tomo | Estado de Dañado | No para Préstamo | Colección | Tomo | Biblioteca de Origen | Biblioteca Permanente | Fecha de Adquisición | Total de Préstamos | Signatura Topográfica | Código de Barras | Última vez visto | Ejemplar/Existencia | Fecha de Remplazo | Tipo de Material |
|---|---|---|---|---|---|---|---|---|---|---|---|---|---|---|---|---|---|
| Dewey Decimal Classification | Colección de Referencia | 1 | Biblioteca Infantil Comunitaria BINCO | Biblioteca Infantil Comunitaria BINCO | 15/07/2008 | 036 P94c1 | B31711 | 24/11/2016 | 1 | 26/01/2016 | Z- Libros de Referencia BINCO | ||||||
| Dewey Decimal Classification | Colección de Referencia | 3 | Biblioteca Infantil Comunitaria BINCO | Biblioteca Infantil Comunitaria BINCO | 15/07/2008 | 036 P94c2 | B31713 | 24/11/2016 | 1 | 26/01/2016 | Z- Libros de Referencia BINCO | ||||||
| Dewey Decimal Classification | Colección de Referencia | 2 | Biblioteca Infantil Comunitaria BINCO | Biblioteca Infantil Comunitaria BINCO | 10/07/2008 | 036 P94c3 | B31712 | 24/11/2016 | 1 | 26/01/2016 | Z- Libros de Referencia BINCO |
